000 00883nac a22003017a 4500
001 BR0500523
003 BR-BrBNA
005 20240105123106.0
008 230509b bl.|||m| |||| 00| 0 por d
040 _aBR-BrBNA
_bpor
_cBiblioteca Nacional de Agricultura
072 _aH20
090 _a1000 BR0500523
100 1 _aSantos Filho, H.P.
100 1 _aLaranjeira, F.F
110 1 _aEMBRAPA Mandioca e Fruticultura, Cruz das Almas, BA (Brasil)
245 1 _aMelanose e podridão peduncular
260 3 _aCruz das Almas, BA (Brasil):
_c2003.
300 _a2 p.
490 _aCitros em Foco (Brazil)
_vno. 19
_x
650 _aFRUTA CÍTRICA
650 _aMELANOSE
650 _aPODRIDÃO PEDUNCULAR
650 _aDOENÇA DE PLANTA
650 _aINFECÇÃO
650 _aCONTROLE QUÍMICO
909 _a202312
_bLúcia Elande
_c55
_dLúcia Elande
942 _2AGRIS
_n0
_cMS
999 _c293955
_d293955